000 01149nam a2200265 i 4500
003 CO-ViMGA
005 20230915224425.0
008 201202s2020 ck a|||jr|||| 00| 0 spa d
020 _a9789585305205
040 _aCO-ViMGA
_bspa
_cCO-ViMGA
082 0 4 _a398.3
_bR28e
_222
100 1 _aRevelo Hurtado, Baudilio
_d1942-
_eautor
_9161889
245 1 0 _aEntundamientos del Paci­fico negro colombiano :
_bmitos, leyendas y curanderismo magico /
_cBaudilio Revelo Hurtado.
250 _aEdicion especial
260 _aBogota :
_bAmbientes de aprendizaje,
_c2020
300 _a143 paginas
_bfotografi­as
_c24 cm
490 _aPlan Nacional de Lectura y Escritura Leer es mi Cuento / Ministerio de Cultura
504 _aIncluye bibliografi­a al final del texto
650 1 7 _2LEMB
_aCuranderos
_zPaci­fico (Region, Colombia)
_9161891
650 1 7 _2LEMB
_aFolclor negro
_zPaci­fico (Region, Colombia)
_9161890
650 1 7 _2LEMB
_aIdentidad cultural
_zPaci­fico (Region, Colombia)
_9161893
650 1 7 _2LEMB
_aLeyendas
_zPaci­fico (Region, Colombia)
_9161892
651 4 _aPaci­fico (Region, Colombia)
_vVida social y costumbres
_9161750
942 _2ddc
_cBK
999 _c9056
_d9056